[Event "Manavgat Turkey Cup"]
[Site "Manavgat"]
[Date "2016.02.05"]
[Round "10"]
[White "Mecit, Emre"]
[Black "Degirmenci, Yagiz"]
[Result "1-0"]
[WhiteElo "2092"]
[BlackElo "1809"]
[PlyCount "72"]
[EventDate "2016.01.30"]
[EventType "swiss"]
[EventRounds "11"]
[EventCountry "TUR"]
[SourceTitle "CBM 170 Extra"]
[Source "ChessBase"]
[SourceDate "2016.02.25"]
[SourceVersion "1"]
[SourceVersionDate "2016.02.25"]
[SourceQuality "1"]

1. e4 c5 2. Nf3 d6 3. d4 cxd4 4. Nxd4 Nc6 5. Nc3 Nf6 6. Bg5 e6 7. Qd2 a6 8. 0-0-0 Bd7 9. f4 e5 10. Nf3 Bg4 11. Nd5 Nxe4 12. Bxd8 Nxd2 13. Bb6 Nxf3 14. Nc7+ Kd7 15. gxf3 Rc8 16. fxg4 Rxc7 17. Bxc7 Kxc7 18. fxe5 dxe5 19. Bg2 Bc5 20. Rhe1 f6 21. Bxc6 bxc6 22. c3 Re8 23. b4 Bd6 24. Kc2 Kd7 25. c4 Ke6 26. c5 Bc7 27. Kc3 g6 28. Kc4 f5 29. a4 e4 30. Re2 Re7 31. b5 axb5+ 32. axb5 cxb5+ 33. Kxb5 Ke5 34. gxf5 gxf5 35. c6 f4 36. Rxe4+ Kxe4 1-0

[Event "Manavgat Turkey Cup"]
[Site "Manavgat"]
[Date "2016.02.02"]
[Round "6"]
[White "Mecit, Emre"]
[Black "Dalgar, Hakki Berat"]
[Result "0-1"]
[WhiteElo "2092"]
[BlackElo "1982"]
[PlyCount "90"]
[EventDate "2016.01.30"]
[EventType "swiss"]
[EventRounds "11"]
[EventCountry "TUR"]
[SourceTitle "CBM 170 Extra"]
[Source "ChessBase"]
[SourceDate "2016.02.25"]
[SourceVersion "1"]
[SourceVersionDate "2016.02.25"]
[SourceQuality "1"]

1. e4 c6 2. d4 d5 3. exd5 cxd5 4. c4 Nf6 5. Nc3 Nc6 6. Nf3 Be6 7. c5 g6 8. Bb5 Bg7 9. Ne5 Bd7 10. Nxd7 Qxd7 11. 0-0 0-0 12. Re1 Rfd8 13. Qa4 Qc7 14. g3 e5 15. Bxc6 bxc6 16. Rxe5 Ne4 17. Rxe4 dxe4 18. Bf4 Qb7 19. Rd1 Qxb2 20. Nxe4 Rxd4 21. Rxd4 Bxd4 22. Qxc6 Rd8 23. Bg5 Rb8 24. Bf6 Bxf6 25. Nxf6+ Kg7 26. Nd7 Re8 27. Kg2 Qd4 28. Nf6 Re5 29. Ne8+ Kf8 30. Nf6 Kg7 31. Ne8+ Kh6 32. Nd6 Qd5+ 33. Qxd5 Rxd5 34. Nb7 Rd7 35. c6 Rd2 36. a4 Rc2 37. Nd8 Kg7 38. Kf3 Kf8 39. Ke4 Ke7 40. Nb7 Rxc6 41. Kd5 Rc2 42. Na5 Rxf2 43. Nc6+ Kd7 44. Nxa7 Ra2 45. Nc6 Rxa4 0-1

[Event "Manavgat Turkey Cup"]
[Site "Manavgat"]
[Date "2016.02.02"]
[Round "5"]
[White "Usluoglu, Servet"]
[Black "Mecit, Emre"]
[Result "0-1"]
[WhiteElo "1872"]
[BlackElo "2092"]
[PlyCount "52"]
[EventDate "2016.01.30"]
[EventType "swiss"]
[EventRounds "11"]
[EventCountry "TUR"]
[SourceTitle "CBM 170 Extra"]
[Source "ChessBase"]
[SourceDate "2016.02.25"]
[SourceVersion "1"]
[SourceVersionDate "2016.02.25"]
[SourceQuality "1"]

1. e4 c5 2. Nf3 d6 3. d4 cxd4 4. Nxd4 Nf6 5. Nc3 g6 6. f3 Bg7 7. Be3 Nc6 8. Qd2 0-0 9. 0-0-0 d5 10. Kb1 Nxd4 11. Bxd4 dxe4 12. Nxe4 Nxe4 13. fxe4 Be6 14. Bxg7 Qxd2 15. Rxd2 Kxg7 16. Be2 Rfd8 17. Rhd1 Rxd2 18. Rxd2 Kf6 19. a4 Ke5 20. Bf3 h5 21. b3 h4 22. h3 g5 23. c4 Kf4 24. Kc1 Bxh3 25. e5 Be6 26. a5 Rb8 0-1

[Event "Manavgat Turkey Cup"]
[Site "Manavgat"]
[Date "2015.02.06"]
[Round "10"]
[White "Koksal, Recep"]
[Black "Mecit, Emre"]
[Result "0-1"]
[WhiteElo "1870"]
[BlackElo "2126"]
[PlyCount "88"]
[EventDate "2015.01.31"]
[EventType "swiss"]
[EventRounds "11"]
[EventCountry "TUR"]
[SourceTitle "CBM 164 Extra"]
[Source "ChessBase"]
[SourceDate "2015.03.02"]
[SourceVersion "1"]
[SourceVersionDate "2015.03.02"]
[SourceQuality "1"]

1. Nf3 Nf6 2. c4 g6 3. b4 Bg7 4. Bb2 0-0 5. g3 d5 6. cxd5 Na6 7. a3 Qxd5 8. Nc3 Qh5 9. Bg2 Bh3 10. 0-0 c6 11. Na4 Rad8 12. Qc2 Rfe8 13. d3 e5 14. Nc5 Nxc5 15. Qxc5 Bxg2 16. Kxg2 e4 17. dxe4 Qxc5 18. bxc5 Nxe4 19. Bxg7 Kxg7 20. Rfc1 Rd5 21. Rab1 Rxc5 22. Rxc5 Nxc5 23. Nd4 Re7 24. e3 Ne4 25. Rb2 c5 26. Nb3 b6 27. Kf3 f5 28. h4 h5 29. Ke2 Rd7 30. Rc2 Kf7 31. Nc1 Rc7 32. Nd3 b5 33. Kf3 a5 34. Kf4 c4 35. f3 Nc5 36. Nc1 Ne6+ 37. Ke5 Ke7 38. Rd2 b4 39. axb4 axb4 40. Na2 c3 41. Rd6 Rc5+ 42. Rd5 c2 43. Nc1 Rc3 44. e4 b3 0-1

[Event "Manavgat Turkey Cup"]
[Site "Manavgat"]
[Date "2015.02.03"]
[Round "6"]
[White "Celebi, Orhan"]
[Black "Mecit, Emre"]
[Result "0-1"]
[WhiteElo "1894"]
[BlackElo "2126"]
[PlyCount "86"]
[EventDate "2015.01.31"]
[EventType "swiss"]
[EventRounds "11"]
[EventCountry "TUR"]
[SourceTitle "CBM 164 Extra"]
[Source "ChessBase"]
[SourceDate "2015.03.02"]
[SourceVersion "1"]
[SourceVersionDate "2015.03.02"]
[SourceQuality "1"]

1. e4 c5 2. c3 d6 3. Nf3 Nf6 4. Be2 g6 5. d3 Bg7 6. 0-0 0-0 7. Bg5 Nbd7 8. Nbd2 h6 9. Bf4 e5 10. Be3 Ng4 11. Nc4 Nb6 12. Bc1 d5 13. Nxb6 axb6 14. h3 Nf6 15. Nxe5 dxe4 16. dxe4 Be6 17. Qxd8 Rfxd8 18. Bc4 Bxc4 19. Nxc4 b5 20. Nd2 Ra4 21. f3 b4 22. cxb4 Rxb4 23. a3 Rb5 24. Rb1 Nh5 25. Nc4 Ng3 26. Re1 Rd4 27. Ne3 Rd3 28. Nd5 Bd4+ 29. Kh2 Bf2 30. Bf4 Bxe1 31. Rxe1 Nh5 32. Be5 f6 33. Bc3 Kf7 34. g4 Ng7 35. Kg2 Ne6 36. Kf2 Nd4 37. f4 Rxh3 38. e5 fxe5 39. Rxe5 Nc6 40. Re1 Rb3 41. Nc7 Nd4 42. Nd5 Rh2+ 43. Ke3 Nc2+ 0-1

[Event "Manavgat Turkey Cup"]
[Site "Manavgat"]
[Date "2015.01.31"]
[Round "1"]
[White "Mecit, Emre"]
[Black "Demirel, Yusuf Ziya"]
[Result "1-0"]
[WhiteElo "2126"]
[BlackElo "1689"]
[PlyCount "37"]
[EventDate "2015.01.31"]
[EventType "swiss"]
[EventRounds "11"]
[EventCountry "TUR"]
[SourceTitle "CBM 164 Extra"]
[Source "ChessBase"]
[SourceDate "2015.03.02"]
[SourceVersion "1"]
[SourceVersionDate "2015.03.02"]
[SourceQuality "1"]

1. e4 d5 2. exd5 Nf6 3. d4 Bg4 4. Bb5+ Nbd7 5. Be2 Bxe2 6. Nxe2 Nxd5 7. 0-0 e6 8. c4 N5b6 9. b3 Be7 10. Bb2 0-0 11. Nbc3 Nf6 12. Qd3 e5 13. Rad1 exd4 14. Nxd4 Re8 15. Qf3 Qc8 16. Nf5 Nbd7 17. Nd5 Bf8 18. Nxf6+ Nxf6 19. Nh6+ 1-0

[Event "Gebze op 5th"]
[Site "Kocaeli"]
[Date "2014.09.20"]
[Round "1"]
[White "Gungor, Omer"]
[Black "Mecit, Emre"]
[Result "0-1"]
[WhiteElo "1526"]
[BlackElo "2110"]
[PlyCount "64"]
[EventDate "2014.09.20"]
[EventType "swiss"]
[EventRounds "9"]
[EventCountry "TUR"]
[SourceTitle "CBM 162 Extra"]
[Source "ChessBase"]
[SourceDate "2014.10.17"]
[SourceVersion "1"]
[SourceVersionDate "2014.10.17"]
[SourceQuality "1"]

1. e4 c5 2. c4 d6 3. d3 g6 4. Nc3 Bg7 5. Nf3 Bg4 6. h3 Bxf3 7. Qxf3 Nc6 8. Qd1 Nf6 9. Be2 a6 10. a4 Nd7 11. 0-0 Nd4 12. f4 e6 13. g3 Nb8 14. Rb1 Nbc6 15. Bg4 h5 16. Bf3 Qb6 17. Be3 0-0-0 18. Bg2 f5 19. Bf2 h4 20. g4 Qc7 21. g5 Ne7 22. Na2 d5 23. e5 dxc4 24. dxc4 Nec6 25. b4 cxb4 26. Nxb4 Nxb4 27. Bxd4 Bf8 28. Rf2 Bc5 29. Rd2 Rxd4 30. Rxd4 Rd8 31. Rxb4 Rxd4 32. Bxb7+ Qxb7 0-1

[Event "Istanbul op"]
[Site "Istanbul"]
[Date "2014.09.02"]
[Round "3"]
[White "Mecit, Emre"]
[Black "Citak, Selim"]
[Result "0-1"]
[WhiteElo "2110"]
[BlackElo "2340"]
[PlyCount "98"]
[EventDate "2014.09.01"]
[EventType "swiss"]
[EventRounds "9"]
[EventCountry "TUR"]
[SourceTitle "CBM 162 Extra"]
[Source "ChessBase"]
[SourceDate "2014.10.17"]
[SourceVersion "1"]
[SourceVersionDate "2014.10.17"]
[SourceQuality "1"]

1. e4 e5 2. Nf3 Nc6 3. Bb5 a6 4. Ba4 Nf6 5. 0-0 Be7 6. Re1 b5 7. Bb3 0-0 8. h3 d6 9. c3 Na5 10. Bc2 c5 11. d4 Qc7 12. Nbd2 cxd4 13. cxd4 Nc6 14. Nb3 a5 15. Be3 a4 16. Nbd2 Bd7 17. Rc1 Qb7 18. Qe2 Rfe8 19. Bd3 Rab8 20. d5 Nb4 21. Bb1 Rec8 22. a3 Na6 23. Bd3 Bd8 24. Nb1 Ba5 25. Red1 Nc7 26. Bg5 Nfe8 27. Ne1 b4 28. Bd2 Nb5 29. Rxc8 Qxc8 30. Nc2 b3 31. Nb4 Nd4 32. Qf1 Qd8 33. Rc1 Rc8 34. Bc3 Qg5 35. Kh1 Bb6 36. Nd2 Qh4 37. Nc4 Ba7 38. Ne3 Nf6 39. Nc6 Nxc6 40. dxc6 Rxc6 41. g3 Qxh3+ 42. Qxh3 Bxh3 43. Bb5 Rc8 44. Bxa4 Nxe4 45. Nd5 Kf8 46. f4 Nxc3 47. Nxc3 Be6 48. fxe5 dxe5 49. Ne2 Rd8 0-1

[Event "TUR-ch"]
[Site "Antalya"]
[Date "2013.02.09"]
[Round "11"]
[White "Mecit, Emre"]
[Black "Eden, Yagiz"]
[Result "1-0"]
[WhiteElo "2060"]
[BlackElo "1839"]
[PlyCount "109"]
[EventDate "2013.02.02"]
[EventType "swiss"]
[EventRounds "11"]
[EventCountry "TUR"]
[SourceTitle "CBM 152 Extra"]
[Source "ChessBase"]
[SourceDate "2013.02.25"]
[SourceVersion "1"]
[SourceVersionDate "2013.02.25"]
[SourceQuality "1"]

1. e4 e5 2. Nf3 Nf6 3. Nxe5 d6 4. Nf3 Nxe4 5. Qe2 Qe7 6. d3 Nf6 7. Bg5 Qxe2+ 8. Bxe2 Be7 9. Nbd2 c6 10. 0-0-0 Na6 11. Rhe1 Nc7 12. Ne4 Nxe4 13. dxe4 Be6 14. Bf4 0-0-0 15. Ng5 Bxg5 16. Bxg5 f6 17. Be3 b6 18. Bf4 d5 19. exd5 Rxd5 20. Bf3 Rxd1+ 21. Kxd1 Bd7 22. Bxc7 Kxc7 23. Re7 g6 24. Rf7 f5 25. h4 a5 26. Kd2 Kd6 27. Rg7 Be6 28. a3 b5 29. Ra7 a4 30. Kc3 Bd5 31. Bxd5 Kxd5 32. Rd7+ Ke6 33. Rg7 Kd6 34. b3 axb3 35. cxb3 c5 36. Ra7 Kc6 37. a4 bxa4 38. bxa4 Kb6 39. Rf7 Ra8 40. Kb3 c4+ 41. Kb4 c3 42. Kxc3 Rxa4 43. Rxh7 Rg4 44. f3 Rxg2 45. Kd4 Kc6 46. Ke5 Rg3 47. Kf4 Rg1 48. Rg7 Kd5 49. h5 Rh1 50. hxg6 Ke6 51. Ra7 Kf6 52. Ra6+ Kg7 53. Kxf5 Rg1 54. Ra7+ Kh6 55. Rh7# 1-0